|
|
|
|
| LEADER |
01303nam a22002892a 4500 |
| 001 |
001153321 |
| 003 |
CZ BrMZK |
| 005 |
20110915154128.0 |
| 007 |
ta |
| 008 |
110609s1980 xr er|||||||||||cze d |
| 015 |
|
|
|a cnb000142648
|
| 035 |
|
|
|a (OCoLC)8034950
|
| 040 |
|
|
|a ABA001
|b cze
|c ABA001
|d ABA001
|d BOA001
|
| 080 |
9 |
|
|a 551.1/4:711.112
|
| 100 |
1 |
|
|a Řezníček, Tomáš,
|d 1944-
|7 jk01110130
|4 aut
|
| 245 |
1 |
0 |
|a Geologie v územním plánování /
|c Tomáš Řezníček, Jaroslav Pašek, Miroslav Zeman
|
| 250 |
|
|
|a 1. vyd.
|
| 260 |
|
|
|a Praha :
|b Academia,
|c 1980
|
| 300 |
|
|
|a 226 s.
|
| 504 |
|
|
|a Obsahuje bibliografii
|
| 520 |
|
|
|a Práce pojednává o náplni inženýrské geologie, o předmětu a metodách jejího zkoumání a možnostech využití inženýrské geologie v územním plánování. Zabývá se základními inženýrskogeologickými problémy při plánovánívýstavby,průzkumnými metodami, zpracováním výsledků průzkumu a využitím inženýrskogeologických podkladů v územním plánování
|
| 700 |
1 |
|
|a Pašek, Jaroslav
|7 jk01091844
|4 aut
|
| 700 |
1 |
|
|a Zeman, Miroslav,
|d 1946-
|7 jk01152494
|4 aut
|
| 910 |
|
|
|a BOA001
|b 2-0829.836
|
| 990 |
|
|
|a BK
|
| 991 |
|
|
|b 201106
|
| 996 |
6 |
|
|b 2619215328
|c 2-0829.836
|l MZK
|r Sklad / do 1 hodiny
|n 2
|w 001186224
|u 000010
|a 1
|e BOA001
|j MZK50
|s P
|